Robert De Niro Films - sudden death - Statistics

General Stats
  • This quiz has been taken 75 times
  • The average score is 5 of 15
Answers on the Grid
Answers color-coded by a green-red scale on the quiz's grid according to % correct below.
Jackie Brown
Cop Land
Fargo
The Godfather Part ll
Three Kings
Miller's Crossing
The Usual Suspects
Backdraft
Jacknife
Magnolia
Angel Heart
The Mission
Hamlet
Casino
The Player
Dead Man
Ronin
Bad Lieutenant
Men of Honour
Face/Off
City by the Sea
Stardust
The Insider
American History X
The Godfather Part lll
Limitless
Freelancers
Mystic River
The Intern
The Departed
 
Answer Stats
Answer % Correct
The Godfather Part ll
89%
Casino
77%
Jackie Brown
56%
The Intern
46%
Cop Land
35%
Ronin
33%
Angel Heart
28%
Limitless
26%
The Mission
26%
Backdraft
23%
Men of Honour
21%
Stardust
14%
Jacknife
12%
City by the Sea
7%
Freelancers
4%
No matching quizzes found
Score Distribution
Percent of People with Each Score
Percentile by Number Answered
Your Score History
You have not taken this quiz